| 000 | 00528nam a2200181 i 4500 | ||
|---|---|---|---|
| 001 | 39031 | ||
| 003 | ES-MaACL | ||
| 005 | 20230906155858.0 | ||
| 007 | t| | ||
| 008 | 030227q19001999sp ||||1| spa d | ||
| 245 | 0 | 0 | _aCampaña Anglo-Boer, que tuvo principio en 1899 y termino en 1902. |
| 260 |
_a[S.l. : _bs.n., _c19--?] |
||
| 300 |
_a1 v. ; _c26 cm. |
||
| 500 | _aPrecede al tít.: Depósito de la Guerra. | ||
| 500 | _aFalta la portada. | ||
| 650 | 0 | 4 |
_aGuerra de los bóers, 1899-1902. _913191 |
| 852 |
_aES-MaACL _jG-6851 |
||
| 999 |
_c39031 _d39031 |
||